00306nam a22001457a 4500003000400000005001700004008004100021020001500062040000700077082001000084100002000094245001600114260002200130300000800152OSt20211105161313.0211105b |||||||| |||| 00| 0 eng d a0745600948 chu a361.3 alenda dominelli asocial work aindiabhallc2004 a307